Research on lipoxygenase activity in natural rubber latex (Record no. 66797)
[ view plain ]
| 000 -LEADER | |
|---|---|
| fixed length control field | 00821nam a2200145Ia 4500 |
| 100 ## - MAIN ENTRY--AUTHOR NAME | |
| Personal name | Vidal P |
| 245 #0 - TITLE STATEMENT | |
| Title | Research on lipoxygenase activity in natural rubber latex |
| 260 ## - PUBLICATION, DISTRIBUTION, ETC. (IMPRINT) | |
| Name of publisher | CIRAD |
| Year of publication | 1994 |
| 300 ## - PHYSICAL DESCRIPTION | |
| Number of Pages | 19-Jan |
| 500 ## - GENERAL NOTE | |
| General note | Source Year: 1996 |
| 520 ## - SUMMARY, ETC. | |
| Summary, etc | Latex was examined for a lipoxygenase, focusing primarily on the cytoplasmic serum and the lutoid serum and membranes. Lipoxygenase causes peroxidation of certain poly-unsaturated fatty acids, namely the linoleic and linolenic acids present in latex triglycerides. Lipoxygenase activity was measured using an enzymatic model, namely soya lipoxygenase, Lox-1, at various pH values. This research represents a follow-up of studies on the oxidation potentialof natural rubber. |
| 856 ## - ELECTRONIC LOCATION AND ACCESS | |
| Uniform Resource Identifier | AEDR |
| 942 ## - ADDED ENTRY ELEMENTS (KOHA) | |
| Koha item type | Journals |
| Withdrawn status | Lost status | Damaged status | Not for loan | Home library | Current library | Shelving location | Date acquired | Koha item type |
|---|---|---|---|---|---|---|---|---|
| Journals | RRII Library | RRII Library | Physiology | 17/12/2021 | Journals |